ESSENTIALS OF PEDIATRIC NURSING (Record no. 6837)

MARC details
000 -LEADER
fixed length control field 00341nam a2200133Ia 4500
008 - FIXED-LENGTH DATA ELEMENTS--GENERAL INFORMATION
fixed length control field 150301s2013 xx 000 0 und d
082 ## - DEWEY DECIMAL CLASSIFICATION NUMBER
Classification number 610.7362
Item number P13P
100 ## - MAIN ENTRY--PERSONAL NAME
Personal name SHARMA, RIMPLE
245 ## - TITLE STATEMENT
Title ESSENTIALS OF PEDIATRIC NURSING
260 ## - PUBLICATION, DISTRIBUTION, ETC. (IMPRINT)
Name of publisher, distributor, etc. JAYPEE MEDICAL PUB.
Date of publication, distribution, etc. 2013
300 ## - PHYSICAL DESCRIPTION
Extent 825
650 ## - SUBJECT ADDED ENTRY--TOPICAL TERM
Topical term or geographic name as entry element PEDIATRIC NURSING
942 ## - ADDED ENTRY ELEMENTS (KOHA)
Source of classification or shelving scheme Dewey Decimal Classification
Koha item type Books
Koha issues (borrowed), all copies 155
Holdings
Withdrawn status Lost status Source of classification or shelving scheme Damaged status Not for loan Collection code Home library Current library Shelving location Date acquired Source of acquisition Cost, normal purchase price SGTU Bill Number Total Checkouts Full call number Barcode Checked out Date last seen Date last checked out Bill Date Koha item type Total Renewals
    Dewey Decimal Classification     NURSING SGT Medical Library SGT Medical Library Text Book 02/07/2015 ABC DELHI 550.00 SGTU 5533 74 610.7362 P13P FN2851 02/06/2026 19/05/2026 19/05/2026 25/03/2015 Books  
weeded-out   Dewey Decimal Classification     NURSING SGT Medical Library SGT Medical Library Text Book 02/07/2015 ABC DELHI 550.00 SGTU 5533 30 610.7362 P13P FN2852   20/10/2021 05/10/2021 25/03/2015 Books  
    Dewey Decimal Classification     NURSING SGT Medical Library SGT Medical Library Text Book 02/07/2015 ABC DELHI 550.00 SGTU 5533 88 610.7362 P13P FN2853 02/06/2026 19/05/2026 19/05/2026 25/03/2015 Books 2
weeded-out   Dewey Decimal Classification     NURSING SGT Medical Library SGT Medical Library Text Book 02/07/2015 ABC DELHI 550.00 SGTU 5533 18 610.7362 P13P FN2854   05/02/2019 23/01/2019 25/03/2015 Books  
    Dewey Decimal Classification     NURSING SGT Medical Library SGT Medical Library Text Book 02/07/2015 ABC DELHI 550.00 SGTU 5533 80 610.7362 P13P FN2855   26/07/2024 18/07/2024 25/03/2015 Books 4